00572nam a2200205 a 450000100060000000300090000600800410001502000150005604000280007108200160009910000340011524500270014926000450017630000110022150000480023265000290028065000280030994200120033799900170034911271CO-ViMGA141112s2004 ck r 000 u spa d a9589538304 aCO-ViMGAbspacCO-ViMGA04aCo861 C416a1 aChaparro, Julio Daniel91571810aArbol avido : bpoemas aVillavicencio, cEd. Entreletras, c1991 a108 p. aEn : Arbol Avido : Poemas; Fr Co861.6 C41a214aLITERATURA LLANERA9905814aPOESIA COLOMBIANA91069 2ddccBK c22478d22478